|
|
|
|
| LEADER |
01997nam a2200481Ia 4500 |
| 001 |
EBC565731 |
| 003 |
MiAaPQ |
| 005 |
20200520144314.0 |
| 006 |
m o d | |
| 007 |
cr cn||||||||| |
| 008 |
100205s2010 alua sb s001 0 eng d |
| 010 |
|
|
|z 2010003232
|
| 020 |
|
|
|z 9780817356118
|
| 020 |
|
|
|a 9780817383985 (electronic bk.)
|
| 035 |
|
|
|a (MiAaPQ)EBC565731
|
| 035 |
|
|
|a (Au-PeEL)EBL565731
|
| 035 |
|
|
|a (CaPaEBR)ebr10408807
|
| 035 |
|
|
|a (OCoLC)664233640
|
| 040 |
|
|
|a MiAaPQ
|c MiAaPQ
|d MiAaPQ
|
| 050 |
|
4 |
|a TN704.U52
|b A23 2010
|
| 082 |
0 |
4 |
|a 669/.109761781
|2 22
|
| 100 |
1 |
|
|a Bennett, James R.
|q (James Ronald),
|d 1940-
|
| 245 |
1 |
0 |
|a Iron & steel
|h [electronic resource] :
|b a guide to Birmingham area industrial heritage sites /
|c Jim Bennett and Karen Utz.
|
| 246 |
3 |
|
|a Iron and steel
|
| 260 |
|
|
|a Tuscaloosa :
|b University of Alabama Press,
|c c2010.
|
| 300 |
|
|
|a xv, 128 p. :
|b ill.
|
| 490 |
1 |
|
|a Alabama : the forge of history
|
| 504 |
|
|
|a Includes bibliographical references and index.
|
| 533 |
|
|
|a Electronic reproduction. Ann Arbor, MI : ProQuest, 2015. Available via World Wide Web. Access may be limited to ProQuest affiliated libraries.
|
| 650 |
|
0 |
|a Iron-works
|z Alabama
|z Birmingham Region
|v Guidebooks.
|
| 650 |
|
0 |
|a Coke-ovens
|z Alabama
|z Birmingham Region
|v Guidebooks.
|
| 650 |
|
0 |
|a Blast furnaces
|z Alabama
|z Birmingham Region
|v Guidebooks.
|
| 650 |
|
0 |
|a Parks
|z Alabama
|z Birmingham Region
|v Guidebooks.
|
| 650 |
|
0 |
|a Historic sites
|z Alabama
|z Birmingham Region
|v Guidebooks.
|
| 650 |
|
0 |
|a Industries
|z Alabama
|z Birmingham Region
|x History.
|
| 650 |
|
0 |
|a Industrial archaeology
|z Alabama
|z Birmingham Region.
|
| 651 |
|
0 |
|a Birmingham Region (Ala.)
|v Guidebooks.
|
| 651 |
|
0 |
|a Birmingham Region (Ala.)
|x History, Local.
|
| 655 |
|
4 |
|a Electronic books.
|
| 700 |
1 |
|
|a Utz, Karen R.
|
| 710 |
2 |
|
|a ProQuest (Firm)
|
| 830 |
|
0 |
|a Alabama, the forge of history.
|
| 856 |
4 |
0 |
|u https://ebookcentral.proquest.com/lib/matrademy/detail.action?docID=565731
|z Click to View
|